Normal view
MARC view
- Lama, Víctor de
Entry Nombre personal
001 - NÚMERO DE CONTROL
- campo de control: 1692
003 - IDENTIFICADOR DEL NÚMERO DE CONTROL
- campo de control: AR-SiUPM
005 - FECHA Y HORA DE LA ÚLTIMA TRANSACCIÓN
- campo de control: 20190903104943.0
008 - DATOS DE LONGITUD FIJA
- campo de control de longitud fija: 190903|| aca||aabn | a|a d
040 ## - FUENTE DE LA CATALOGACIÓN
- Centro catalogador/agencia de origen: AR-SiUPM
- Centro/agencia transcriptor: AR-SiUPM
100 ## - ENCABEZAMIENTO-NOMBRE DE PERSONA
- Nombre de persona: Lama, Víctor de
- Fechas asociadas al nombre: 1955-
670 ## - FUENTE DE DATOS ENCONTRADOS
- Cita de la fuente: Work cat.: (AR-SiUPM)0: Antología de la poesía amorosa española e hispanoamericana /, [1993]